MCU Characters - Statistics

General Stats
  • This quiz has been taken 61 times
  • The average score is 32 of 41
Answer Stats
Picture Answer % Correct
Thor
100%
Tony Stark / Iron Man
100%
Bruce Banner / Hulk
98%
Peter Parker / Spider-Man
96%
T'Challa / Black Panther
96%
Thanos
96%
Groot
94%
Loki
94%
Stephen Strange / Doctor Strange
94%
Steve Rogers / Captain America
94%
Natasha Romanoff / Black Widow
93%
Scott Lang / Ant-Man
93%
Wanda Maximoff / Scarlet Witch
93%
Kate Bishop / Hawkeye
89%
Sam Wilson / Falcon / Captain America
89%
Vision
89%
Carol Danvers / Captain Marvel
87%
Jeremy Renner / Hawkeye
87%
Gamora
85%
Yelena Belova / Black Widow
85%
Peter Quill / Star-Lord
83%
Nick Fury
81%
Rocket Raccoon
80%
Bucky Barnes / The Winter Soldier
78%
Hope van Dyne / The Wasp
78%
Ultron
78%
Mantis
72%
Drax
70%
Pietro Maximoff / Quicksilver
70%
James Rhodes / War Machine
69%
Nebula
67%
Peggy Carter / Agent Carter
67%
Wong
67%
Shang-Chi
63%
Marc Spector / Steven Grant / Moon Knight
61%
Pepper Potts
59%
Shuri
57%
Jane Foster
50%
Okoye
44%
Monica Rambeau
28%
Layla El-Faouly
4%
No matching quizzes found
Score Distribution
Percent of People with Each Score
Percentile by Number Answered
Your Score History
You have not taken this quiz